| 000 | 00367nam a22001217a 4500 | ||
|---|---|---|---|
| 999 |
_c1272 _d1272 |
||
| 005 | 20200828091305.0 | ||
| 008 | 200828b ||||| |||| 00| 0 eng d | ||
| 020 | _a0356040097 | ||
| 040 | _cCML | ||
| 245 |
_aWith Objectives in Mind. _cEnnever, L. |
||
| 260 |
_aLondon _bMacdonald & Co ( Publishers) Ltd _c1972 |
||
| 942 |
_2ddc _cBK _e1st Edition _h507 _mENN |
||